US Cities Without USA Quiz Stats

 Plays Quiz not verified by Sporcle

Challenge
Share
Tweet
Score 0/20 Timer 06:00
0 Plays Today
Rank City % Correct
1New York, New York
97.9%
6Phoenix, Arizona
75.3%
19Denver, Colorado
69.6%
21Detroit, Michigan
69.2%
16Fort Worth, Texas
44.6%
87Reno, Nevada
41.5%
98Richmond, Virginia
40.9%
72Lincoln, Nebraska
36.4%
118Little Rock, Arkansas
36%
71Toledo, Ohio
35.7%
Rank City % Correct
61Lexington, Kentucky
33.9%
135Providence, Rhode Island
30.6%
123Mobile, Alabama
29.8%
115Montgomery, Alabama
28.9%
129Knoxville, Tennessee
27.6%
86Norfolk, Virginia
24.9%
81Irvine, California
19.1%
93Irving, Texas
18%
85Gilbert, Arizona
14%
96Fremont, California
14%

You're not logged in!

Compare scores with friends on all Sporcle quizzes.
Join for Free
OR
Log In

You Might Also Like...

Show Comments

Extras

Top Quizzes Today


Score Distribution

Your Account Isn't Verified!

In order to create a playlist on Sporcle, you need to verify the email address you used during registration. Go to your Sporcle Settings to finish the process.

Report this User

Report this user for behavior that violates our Community Guidelines.

Details: